00752nam a2200193 a 450000100100000000500170001000800410002704000250006808200150009310000380010824500680014626000380021430000200025271000280027204900090030095201190030995201130042899900170054100001366720200929163314.0091127s1995 dr 001 0 spa d aDO-SdBNPbspacBNPHU axxxbH565c1 aHerrera V. , Hipólito S.93110113aLa claúsula penal :bbreviarios 2 /cHipólito S. Herrera V. aSanto Domingo :bCAPELDOM,c1995. a57 p. ;c22 cm.2 aCapel Dominicana931102 aBNPD 0010718PDaPDbPDcCTd2009-11-27iLF1l0oxxx H565cp13667-10r2020-06-25te. 2w2020-06-25yLFPDZNo se presta 0010718PDaPDbPDcCTd2009-11-27iLF1l0oxxx H565cp13667-20r2020-06-25w2020-06-25yLFPDZNo se presta c13281d13281